000 00714nam a22002417a 4500
008 131027b xxu||||| |||| 00| 0 eng d
020 _a0-07-116365-4
024 _cAvailable
037 _cAvailable
040 _aMBSTU LIBRARY
_dMBSTU LIBRARY
082 _222
_a005.133 HUP
100 _aHubbard, John R.
245 _aProgramming with Java.
260 _aNew York.
_bMcGraw-Hill.
_c1999
300 _a27 cm.
_b257 page.
_f1
_g27 cm.
600 _2Java(computer programs)
650 _2Java(computer programs)
700 _aHubbard, John R.
270 _aNew York
_bNew York
_dUSA
365 _b220.00
_d220.00
942 _2ddc
_cBK
999 _c730
_d730